CRM analytics based on association rules and clustering pattern (Record no. 524747)
[ view plain ]
| 000 -LEADER | |
|---|---|
| fixed length control field | 00544nam a22001817a 4500 |
| 003 - CONTROL NUMBER IDENTIFIER | |
| control field | NUST |
| 005 - DATE AND TIME OF LATEST TRANSACTION | |
| control field | 20190625101459.0 |
| 008 - FIXED-LENGTH DATA ELEMENTS--GENERAL INFORMATION | |
| fixed length control field | 190625b ||||| |||| 00| 0 eng d |
| 038 ## - RECORD CONTENT LICENSOR | |
| Staff Name | Mr. Zahoor |
| 082 ## - DEWEY DECIMAL CLASSIFICATION NUMBER | |
| Classification number | 005 |
| 100 ## - MAIN ENTRY--PERSONAL NAME | |
| Personal name | Maryam Jamil |
| 9 (RLIN) | 15541 |
| 245 ## - TITLE STATEMENT | |
| Title | CRM analytics based on association rules and clustering pattern |
| Statement of responsibility, etc. | Maryam Jamil |
| 260 ## - PUBLICATION, DISTRIBUTION, ETC. | |
| Place of publication, distribution, etc. | Islamabad : |
| Name of publisher, distributor, etc. | EME - NUST |
| Date of publication, distribution, etc. | 2017. |
| 300 ## - PHYSICAL DESCRIPTION | |
| Extent | iv, 57 p, : ill, ; |
| Dimensions | 30 cm. |
| 500 ## - GENERAL NOTE | |
| General note | Hard Cover |
| 600 ## - SUBJECT ADDED ENTRY--PERSONAL NAME | |
| Source of heading or term | Software Engineering - MS Thesis |
| Personal name | Uzma Gulzar |
| 9 (RLIN) | 15534 |
| 942 ## - ADDED ENTRY ELEMENTS (KOHA) | |
| Source of classification or shelving scheme | |
| Koha item type | Thesis |
| Withdrawn status | Lost status | Source of classification or shelving scheme | Damaged status | Not for loan | Permanent Location | Current Location | Shelving location | Date acquired | Total Checkouts | Full call number | Barcode | Date last seen | Price effective from | Koha item type |
|---|---|---|---|---|---|---|---|---|---|---|---|---|---|---|
| Central Library (CL) | Central Library (CL) | Thesis | 06/25/2019 | 005 | CL-T-18 | 06/25/2019 | 06/25/2019 | Thesis |
